Brazylijskie miasta po polsku - Statystyki

Ogólne statystyki
  • Ten quiz został rozwiązany 15 razy
  • Średni wynik to 6 z 10
Statystyki odpowiedzi
Polski Portugalski % Poprawnych
Święty Paweł São Paulo
100%
Rzeka Styczniowa Rio de Janeiro
93%
Piękny Horyzont Belo Horizonte
87%
Radosny Port Porto Alegre
67%
Rafa Recife
60%
Wybawiciel Salvador
60%
Święty Ludwik São Luis
60%
Wytrzymałość Fortaleza
33%
Wielkie Pole Campo Grande
20%
Boże Narodzenie Natal
20%
Nie znaleziono quizów pasujących do podanych kryteriów
Rozkład punktacji
Procent ludzi z każdym wynikiem
Percentyl według liczby udzielonych odpowiedzi
Twoja historia wyników
Nie rozwiązałeś tego quizu